Where the world turns wild / (Record no. 528)

MARC details
000 -LEADER
fixed length control field 00582nam a22002057a 4500
005 - DATE AND TIME OF LATEST TRANSACTION
control field 20230804102108.0
008 - FIXED-LENGTH DATA ELEMENTS--GENERAL INFORMATION
fixed length control field 230804b |||||||| |||| 00| 0 eng d
020 ## - INTERNATIONAL STANDARD BOOK NUMBER
International Standard Book Number 9781788953528
040 ## - CATALOGING SOURCE
Original cataloging agency KMU
Transcribing agency KMU
Modifying agency KMU
Description conventions rda
050 ## - LIBRARY OF CONGRESS CALL NUMBER
Classification number PZ7.1.P4462
100 ## - MAIN ENTRY--PERSONAL NAME
Personal name Penfold, Nicola
Dates associated with a name 2020
245 ## - TITLE STATEMENT
Title Where the world turns wild /
Statement of responsibility, etc. Nicola Penfold
260 ## - PUBLICATION, DISTRIBUTION, ETC.
Place of publication, distribution, etc. Great Britain :
Name of publisher, distributor, etc. Stripes Publishing Limited,
Date of publication, distribution, etc. 2020
300 ## - PHYSICAL DESCRIPTION
Extent 339 p. :
Dimensions 20cm.
650 ## - SUBJECT ADDED ENTRY--TOPICAL TERM
Topical term or geographic name entry element Heading Usage Count FAST ID Nature stories
650 ## - SUBJECT ADDED ENTRY--TOPICAL TERM
Topical term or geographic name entry element Twins
650 ## - SUBJECT ADDED ENTRY--TOPICAL TERM
Topical term or geographic name entry element Escapes
650 ## - SUBJECT ADDED ENTRY--TOPICAL TERM
Topical term or geographic name entry element Diseases
942 ## - ADDED ENTRY ELEMENTS (KOHA)
Source of classification or shelving scheme Library of Congress Classification
Koha item type Fiction
Suppress in OPAC No
Holdings
Withdrawn status Lost status Source of classification or shelving scheme Damaged status Not for loan Collection Home library Current library Shelving location Date acquired Source of acquisition Total Checkouts Full call number Barcode Date last seen Price effective from Koha item type Date last checked out Date due
    Library of Congress Classification     Fiction Kapasa Makasa University Kapasa Makasa University Open Access 04.08.2023 Book International Aid   PZ 7.1.P4462 Pen 300247 04.08.2023 04.08.2023 Fiction    
    Library of Congress Classification     Fiction Kapasa Makasa University Kapasa Makasa University Open Access 04.08.2023 Book International Aid   PZ 7.1.P4462 Pen 300248 04.08.2023 04.08.2023 Fiction    
    Library of Congress Classification     Fiction Kapasa Makasa University Kapasa Makasa University Open Access 04.08.2023 Book International Aid 2 PZ 7.1.P4462 Pen 300244 01.04.2026 04.08.2023 Fiction 19.03.2026  
    Library of Congress Classification     Fiction Kapasa Makasa University Kapasa Makasa University Open Access 04.08.2023 Book International Aid 2 PZ 7.1.P4462 Pen 300246 02.06.2026 04.08.2023 Fiction 02.06.2026 16.06.2026
    Library of Congress Classification     Fiction Kapasa Makasa University Kapasa Makasa University Open Access 04.08.2023 Book International Aid   PZ 7.1.P4462 Pen 300249 04.08.2023 04.08.2023 Fiction    
    Library of Congress Classification     Fiction Kapasa Makasa University Kapasa Makasa University Open Access 04.08.2023 Book International Aid 1 PZ 7.1.P4462 Pen 300245 08.01.2024 04.08.2023 Fiction 23.11.2023